KOHA-Header-6

Computer Graphics Using Open GL (Record no. 8580)

000 -LEADER
fixed length control field 00259nam a2200109Ia 4500
020 ## - INTERNATIONAL STANDARD BOOK NUMBER
ISBN 978-93-325-5530-3
100 ## - MAIN ENTRY--AUTHOR NAME
Personal name F. S. Hill , JR
245 #0 - TITLE STATEMENT
Title Computer Graphics Using Open GL
260 ## - PUBLICATION, DISTRIBUTION, ETC. (IMPRINT)
Place of publication New Jersey
Name of publisher World Scientific
Year of publication 2002
300 ## - PHYSICAL DESCRIPTION
Number of Pages 277
942 ## - ADDED ENTRY ELEMENTS (KOHA)
Koha item type Books
Holdings
Withdrawn status Lost status Collection code Permanent Location Current Location Shelving location Date acquired Full call number Accession Number Koha item type
    Computer Science MAJU MAJU   2019-09-14 005.2 3404 Computer Science

Powered by Koha